Normal view
MARC view
- Natesan,v.c
Entry Personal Name
001 - CONTROL NUMBER
- control field: 102995
003 - CONTROL NUMBER IDENTIFIER
- control field: NUST
005 - DATE AND TIME OF LATEST TRANSACTION
- control field: 20221118083730.0
008 - FIXED-LENGTH DATA ELEMENTS
- fixed length control field: 221118|| aca||aabn | a|a d
040 ## - CATALOGING SOURCE
- Original cataloging agency: NUST
- Transcribing agency: NUST
100 ## - HEADING--PERSONAL NAME
- Personal name: Natesan,v.c
670 ## - SOURCE DATA FOUND
- Source citation: Work cat.: (NUST)188277: Natesan,v.c, Parker Smith's 500 solutions of problems in Electrical engineering /, 1996
